000
00232 a2200097 4500
001
17775
100
_a
Govt of Pakistan
245
_a
Report on Islamic Summit 1974 Pakistan
260
_a
_b
Govt of Pakistan
_c
090
_c
13141
_d
13141
942
_a
NUST-CAE
_c
M
_c
3494
999
_c
252848
_d
252848